| 000 | 00657nam a22002057a 4500 | ||
|---|---|---|---|
| 005 | 20240527160256.0 | ||
| 010 | _aENG-140511 | ||
| 020 |
_a9789395116114 _c3995.00 |
||
| 035 | _aEN-124043 | ||
| 037 | _bDBAD | ||
| 082 | _a347.053 | ||
| 100 |
_aMarkanda P. C. _966964 |
||
| 245 | _aLaw Relating To Arbitration And Concillation/ | ||
| 250 | _a11 | ||
| 260 |
_aGurgaon- Haryana _bLexis Nexix- RELX India Pvt Ltd _c2022 |
||
| 270 |
_bGurgaon-Haryana _a14th Floor, Building No. 10 , Tower B, DLF CyberCity, Phase 2, _e122002 |
||
| 300 |
_a1709p. _c24cm(hb) |
||
| 700 |
_966930 _aBy P. C. Markanda |
||
| 942 |
_2ddc _cEN _h347.053 _mMAR _e11 |
||
| 999 |
_c203293 _d203293 |
||